Thời trẻ các nhà khoa học đoạt giải Nobel

Na minha lista:
Detalhes bibliográficos
Autor principal: Vũ Bội Tuyền
Formato: Livro
Idioma:Undetermined
Publicado em: Hà Nội Nxb. Hà Nội 2001
Assuntos:
Tags: Adicionar Tag
Sem tags, seja o primeiro a adicionar uma tag!
Thư viện lưu trữ: Trung tâm Học liệu Trường Đại học Cần Thơ
LEADER 00497nam a2200169Ia 4500
001 CTU_42919
008 210402s9999 xx 000 0 und d
082 |a 509 
082 |b Th462 
100 |a Vũ Bội Tuyền 
245 0 |a Thời trẻ các nhà khoa học đoạt giải Nobel 
245 0 |c Vũ Bội Tuyền 
260 |a Hà Nội 
260 |b Nxb. Hà Nội 
260 |c 2001 
650 |a science - history 
980 |a Trung tâm Học liệu Trường Đại học Cần Thơ